000 00784nam a2200205 i 4500
001 14595
003 ES-MaACL
005 20230906150839.0
007 t|
008 990429s1987 dr ||||1| spa d
080 _a9729.3 Montecristi
100 0 _aOrtega, Elpidio.
_987401
245 1 0 _aEnsayo histórico y arquitectónico de la ciudad de Montecristi /
_cElpidio José Ortega.
260 _aSanto Domingo :
_bMuseo del Hombre Dominicano :
_bFundación Ortega Alvarez,
_c1987.
300 _a437 p. :
_bil. ;
_c23 cm.
651 4 _aMontecristi (República Dominicana)-
_xHistoria.
_99092
710 2 _aMuseo del Hombre Dominicano.
_95863
710 2 _aFundación Ortega Álvarez (República Dominicana)
_94373
852 _aES-MaACL
_jL-21829
_bR.125071
_q. - Ded. autógr. del autor
999 _c14595
_d14595